1511 1307 1493 1935 1116 1051 1884 1111 1190 1837 1485 1305 1633 1856 1975 1055 1648 1403 1587 1334 1330 1919 1238 1933 1198 1662 1743 1198 1206 1500 1784 1665 1920 1572 1405 1208 1292 1950 1156 1960 1651 1038 1588 1768 1290 1974 1824 1506 1706 1249 1985 1847 1584 1809 1678 1095 1389 1721 1370 1771 1757 1735 1382 1324 1318 1199 1031 1580 1843 1356 1156 1849 1585 1522 1058 1616 1036 1397 1590 1506 1295 1209 1752 1942 1177 1115 1750 1878 1533 1290 1692 1406 1255 1146 1525 1753 1357 1146 1752 BCNSPRNW ULIB Ver.6.0+V

เปลี่ยนเป็นภาษาไทย

Change to English
 แสดงรายละเอียดบรรณานุกรม
  กลับหน้าหลัก

Brief Record : Get Marc (ISO 2709) : E-mail record : QR code < ปิดหน้าต่าง
LEADER : 00000nam 2200000uu 4500
001    13399111913
003     ULIB
008    110627s2556||||th 000 0 tha d
020    9786160610655
090    นว.^bป524ร
100 0  ปัญญ์ปรียา
245 00 รักกำลังดี/^cปัญญ์ปรียา
250    พิมพ์ครั้งที่ 2
260    กรุงเทพฯ :^bแจ่มใส,^c2556
300    240 หน้า
710 1  แจ่มใส
945    ^p249^l0^i021013
995    ทศพร
999 ^a ใช้งานได้ทุกระบบ
รายการนี้ยังไม่มีแท็ก
คุณยังไม่ได้ล็อกอิน คุณสามารถมีกิจกรรมร่วมกับเว็บไซต์ได้ แต่ต้องล็อกอินก่อน ::
  ล็อกอิน

รายการสื่อสารสนเทศ

ลำดับที่ ประเภท เลขเรียก/บาร์โค้ด สถานที่ สถานะ
1. นวนิยาย
นวนิยาย
นว. ป524ร ฉ.1 
  Barcode: 021013
ห้องสมุดวิทยาเขตสวรรค์ประชารักษ์
►นวนิยาย
บนชั้น
  ขอยืม

รายการใกล้เคียง
    ผู้แต่ง [ปัญญ์ปรียา]

BibComment


ยังไม่เคยถูกคอมเมนท์

คอมเมนท์ทรัพยากรรายการนี้
  คอมเมนท์: รักกำลังดี ปัญญ์ป..


 Copyright 2026. Bcnsprnw @Library